| 000 | 01538nam a2200349 c 4500 | ||
|---|---|---|---|
| 999 |
_c167741 _d167741 |
||
| 003 | BLK | ||
| 005 | 20210203082108.0 | ||
| 008 | 180411b bul|||||r ||||||| ||bul|| | ||
| 010 | _aKNG00175571000 | ||
| 020 | _a954-01-0438-6 | ||
| 040 | _aBLK | ||
| 041 |
_aBUL _cBUL |
||
| 080 |
_aМетодика по музика. Музика - учебни предмети _b372.878 _x(075.2) _z372.878(075.2) |
||
| 100 | 1 |
_aЗаякова, Евгения Андреева _eпърви автор _9374041 |
|
| 139 |
_aЗаякова, Евгения Андреева и др. _bЗ 45 |
||
| 245 | 1 | 0 |
_aМузика _bУчебник за І кл. на СОУ _cЕвгения Андреева Заякова; съавт. Светла Стефанова Кръстева. |
| 257 | _aBGR | ||
| 260 |
_bПросвета _c1993 _fРусе : Дунав прес _aСофия |
||
| 300 |
_a60 с. _bс цв. ил., 2 л. цв. ил. _c26 см |
||
| 380 | _a3 | ||
| 500 | _aОфс. изд. - 70 200 тир., доп. тир. 1994, 1995. | ||
| 650 | 4 |
_aМузика - учебници за основни училища _9246578 |
|
| 653 | _aмузика | ||
| 653 | _aІ кл. | ||
| 653 | _aучебници за основни училища | ||
| 700 | 1 |
_aКръстева, Светла Стефанова _eсъавт. _9368026 |
|
| 852 |
_aЦб ІІ 8159 _bЦб |
||
| 856 | 4 | _qpdf | |
| 856 | 4 | _qpdf | |
| 942 |
_cKNG _n0 _s1 |
||
| 944 |
_aCR _c20.05.2015 _lф / _kЛюдмила_Стоянова |
||
| 944 |
_aED _c21.08.2015 _lф / _kЛюдмила_Стоянова |
||
| 999 | _d167741 | ||